Đàm thoại thực dụng theo người Mỹ

保存先:
書誌詳細
第一著者: Vương, Đằng
フォーマット: 図書
言語:Undetermined
出版事項: Thành phố Hồ Chí Minh Trẻ 2004
主題:
タグ: タグ追加
タグなし, このレコードへの初めてのタグを付けませんか!
Thư viện lưu trữ: Trung tâm Học liệu Trường Đại học Cần Thơ
LEADER 00602nam a2200205Ia 4500
001 CTU_87128
008 210402s9999 xx 000 0 und d
020 |c 55000 
082 |a 428.24 
082 |b Đ116 
100 |a Vương, Đằng 
245 0 |a Đàm thoại thực dụng theo người Mỹ 
245 0 |c Vương Đằng 
260 |a Thành phố Hồ Chí Minh 
260 |b Trẻ 
260 |c 2004 
650 |a English language,English language 
650 |x Spoken English 
904 |i M.Loan, Trong Hieu 
980 |a Trung tâm Học liệu Trường Đại học Cần Thơ